000 01236cam a2200253 4500
001 ABS66211
008 021223n2002 000 0 eng u
035 _a(Sirsi) u120868
100 _aMann, W
245 _aSpecial report: sustainability
260 _c2002
490 _aContract Journal
_v 415(6397) 2 October 2002, 24-30(7)
520 _aFour articles examine the issues facing UK construction on sustainability. "Solar perplexus" looks at solar energy, and particularly how the British government has introduced a new grant to encourage its wider use. "Wood you believe it!" discusses how Finland is ahead of the UK in its use of timber buildings, and what can be learnt from their experiences. "Residual matters" analyses the issue of substituting primary aggregates with secondary products, and the processing of industrial residues. "Pipe dreams" reviews a recent pipeline project, which recycles old materials and equipment.
590 _aABS
650 _aSOLAR ENERGY
650 _aTIMBER CONSTRUCTION
650 _aRECYCLING
650 _aRESIDUE
650 _aSustainability
_96271
690 _aBUILT ENVIRONMENT-SUSTAINABLE CONSTRUCTION
700 _aAtkinson, J
700 _aFaulkner, G
942 _n0
999 _c71841
_d71841